Homicide by pesticides: what pollution does to our bodies (Record no. 1209503)

MARC details
000 -LEADER
fixed length control field 00846nam a2200277Ia 4500
003 - CONTROL NUMBER IDENTIFIER
control field OSt
005 - DATE AND TIME OF LATEST TRANSACTION
control field 20221007121906.0
008 - FIXED-LENGTH DATA ELEMENTS--GENERAL INFORMATION
fixed length control field 221006b |||||||| |||| 00| 0 eng d
037 ## - SOURCE OF ACQUISITION
Terms of availability Annuals, Advances
040 ## - CATALOGING SOURCE
Original cataloging agency BDL
Transcribing agency BDL
Language of cataloging eng
041 ## - LANGUAGE CODE
Source of code eng
Language code of text/sound track or separate title eng
100 ## - MAIN ENTRY--PERSONAL NAME
Personal name Agarwal Anil Ed.
245 #0 - TITLE STATEMENT
Title Homicide by pesticides: what pollution does to our bodies
260 ## - PUBLICATION, DISTRIBUTION, ETC.
Place of publication, distribution, etc. New
Name of publisher, distributor, etc. Delhi Centre for Science and Environment
Date of publication, distribution, etc. 1997
300 ## - PHYSICAL DESCRIPTION
Extent v, 128p.
Dimensions cm.
490 ## - SERIES STATEMENT
Series statement State of the environment series
500 ## - GENERAL NOTE
General note Bibliographical references 124-128p.
650 ## - SUBJECT ADDED ENTRY--TOPICAL TERM
Topical term or geographic name entry element Pollution
650 ## - SUBJECT ADDED ENTRY--TOPICAL TERM
Topical term or geographic name entry element Pesticide
9 (RLIN) 713100
942 ## - ADDED ENTRY ELEMENTS (KOHA)
Classification part G:550gFG, N7 Carb
Koha item type Reference
Source of classification or shelving scheme Colon Classification (CC)
Holdings
Withdrawn status Lost status Source of classification or shelving scheme Damaged status Not for loan Home library Current library Date acquired Total Checkouts Full call number Barcode Date last seen Price effective from Koha item type
    Colon Classification (CC)     Department of Botany Library Department of Botany Library 2022-10-07   G:550gFG N7 Carb BD0004910 2022-10-07 2022-10-07 Reference
Copyright @ Delhi University Library System